Women in twentieth-century Africa / (Record no. 25527)
[ view plain ]
| 000 -LEADER | |
|---|---|
| fixed length control field | 01324cam a22003015a 4500 |
| 001 - CONTROL NUMBER | |
| control field | 18875523 |
| 005 - DATE AND TIME OF LATEST TRANSACTION | |
| control field | 20171031122523.0 |
| 008 - FIXED-LENGTH DATA ELEMENTS--GENERAL INFORMATION | |
| fixed length control field | 151130s2016 nyua frb f001 0 eng d |
| 020 ## - INTERNATIONAL STANDARD BOOK NUMBER | |
| International Standard Book Number | 9780521741217 |
| 040 ## - CATALOGING SOURCE | |
| Original cataloging agency | IEN/DLC |
| Language of cataloging | eng |
| Transcribing agency | IEN |
| Modifying agency | EG-ScBUE |
| 082 04 - DEWEY DECIMAL CLASSIFICATION NUMBER | |
| Classification number | 305.40960904 |
| Edition number | 22 |
| Item number | BER |
| 100 1# - MAIN ENTRY--PERSONAL NAME | |
| Personal name | Berger, Iris, |
| Dates associated with a name | 1941- |
| 245 10 - TITLE STATEMENT | |
| Title | Women in twentieth-century Africa / |
| Statement of responsibility, etc | Iris Berger. |
| 260 ## - PUBLICATION, DISTRIBUTION, ETC. (IMPRINT) | |
| Place of publication, distribution, etc | Cambridge : |
| Name of publisher, distributor, etc | Cambridge University Press, |
| Date of publication, distribution, etc | 2016. |
| 300 ## - PHYSICAL DESCRIPTION | |
| Extent | xvi, 233 p. : |
| Other physical details | ill. ; |
| Dimensions | 24 cm. |
| 490 0# - Series Statement | |
| Series statement | New approaches to African history ; |
| Volume/sequential designation | 10 |
| 504 ## - BIBLIOGRAPHY, ETC. NOTE | |
| Bibliography, etc | Includes bibliographical references and index. |
| 505 0# - FORMATTED CONTENTS NOTE | |
| Formatted contents note | Colonizing African families -- Confrontation and adaptation -- Domesticity and modernization -- Mothers of nationalism -- The struggle continues -- "Messengers of a new design": marriage, family and sexuality -- Women's rights: the second decolonization? -- Empowerment and inequality in a new global age -- Conclusion. |
| 650 #7 - SUBJECT ADDED ENTRY--TOPICAL TERM | |
| Topical term or geographic name as entry element | Women |
| Geographic subdivision | Africa |
| General subdivision | History |
| Chronological subdivision | 20th century. |
| Source of heading or term | BUEsh |
| 650 #7 - SUBJECT ADDED ENTRY--TOPICAL TERM | |
| Topical term or geographic name as entry element | Feminism |
| Geographic subdivision | Africa. |
| Source of heading or term | BUEsh |
| 650 #7 - SUBJECT ADDED ENTRY--TOPICAL TERM | |
| Topical term or geographic name as entry element | Women |
| Geographic subdivision | Africa |
| General subdivision | Social conditions. |
| Source of heading or term | BUEsh |
| 650 #7 - SUBJECT ADDED ENTRY--TOPICAL TERM | |
| Topical term or geographic name as entry element | Women |
| Geographic subdivision | Africa |
| General subdivision | Economic conditions. |
| Source of heading or term | BUEsh |
| 651 ## - SUBJECT ADDED ENTRY--GEOGRAPHIC NAME | |
| Source of heading or term | BUEsh |
| 653 ## - INDEX TERM--UNCONTROLLED | |
| Resource For college | BAEPS, Political Science |
| Arrived date list | October2017 |
| 655 ## - INDEX TERM--GENRE/FORM | |
| Form subdivision | Text book |
| -- | 33728 |
| 830 #0 - SERIES ADDED ENTRY--UNIFORM TITLE | |
| Uniform title | New approaches to African history ; |
| Volume number/sequential designation | 10. |
| 942 ## - ADDED ENTRY ELEMENTS (KOHA) | |
| Source of classification or shelving scheme | Dewey Decimal Classification |
| Withdrawn status | Item status | Source of classification or shelving scheme | Damaged status | Not for loan | Vendor | Home library | Current library | Shelving location | Date acquired | Source of acquisition | Cost, normal purchase price | Total Checkouts | Full call number | Barcode | Date last seen | Koha item type | Total Renewals | Date last borrowed |
|---|---|---|---|---|---|---|---|---|---|---|---|---|---|---|---|---|---|---|
| Dewey Decimal Classification | Baccah | Central Library | Central Library | First floor | 31/10/2017 | Purchase | 490.00 | 305.40960904 BER | 000046815 | 15/07/2025 | NB - Book (Non borrowing) | |||||||
| Dewey Decimal Classification | Baccah | Central Library | Central Library | First floor | 31/10/2017 | Purchase | 490.00 | 305.40960904 BER | 000046816 | 15/07/2025 | NB - Book (Non borrowing) | |||||||
| Dewey Decimal Classification | Baccah | Central Library | Central Library | First floor | 31/10/2017 | Purchase | 490.00 | 1 | 305.40960904 BER | 000046817 | 15/07/2025 | Book - Borrowing | 3 | 18/11/2020 | ||||
| Dewey Decimal Classification | Baccah | Central Library | Central Library | First floor | 31/10/2017 | Purchase | 1 | 305.40960904 BER | 000046818 | 15/07/2025 | Book - Borrowing | 05/09/2018 | ||||||
| Dewey Decimal Classification | Baccah | Central Library | Central Library | First floor | 31/10/2017 | Purchase | 305.40960904 BER | 000046819 | 15/07/2025 | Book - Borrowing |